[Event "Belgrade-chT Quality"]
[Site "Belgrade"]
[Date "2012.10.14"]
[Round "2.1"]
[White "Stojkovic, Borivoje"]
[Black "Jocev, Milan"]
[Result "0-1"]
[WhiteElo "2034"]
[BlackElo "2151"]
[PlyCount "102"]
[EventDate "2012.10.13"]
[EventType "team-tourn"]
[EventRounds "11"]
[EventCountry "SRB"]
[SourceTitle "EXT 2019"]
[Source "ChessBase"]
[SourceDate "2018.10.10"]
[SourceVersion "1"]
[SourceVersionDate "2018.10.10"]
[SourceQuality "1"]

1. e4 e5 2. Nf3 Nf6 3. Nc3 Bb4 4. a3 Bxc3 5. dxc3 d6 6. Bc4 0-0 7. Qe2 Nbd7 8. b4 h6 9. 0-0 Qe7 10. Bb3 Kh7 11. Nd2 Nb6 12. Nc4 Nxc4 13. Bxc4 Be6 14. Bd3 Kh8 15. c4 a5 16. Bd2 axb4 17. axb4 b6 18. f4 exf4 19. Bxf4 Rxa1 20. Rxa1 Ng4 21. e5 dxe5 22. Bxe5 Nxe5 23. Qxe5 Qxb4 24. Qxc7 Rc8 25. Qb7 g6 26. Rf1 Qc5+ 27. Kh1 Rc7 28. Qa8+ Kg7 29. Qd8 Bxc4 30. Qf6+ Kh7 31. Re1 Qc6 32. Qxc6 Rxc6 33. Bxc4 Rxc4 34. Re2 Kg7 35. Kg1 Rc6 36. Rd2 f5 37. Kf1 Kf6 38. Rd5 Kg5 39. Rb5 Kf4 40. Ke1 Rxc2 41. Rxb6 Rxg2 42. Kf1 Rg4 43. Kf2 Kg5 44. Ra6 Kh4 45. Ra3 Rb4 46. Ra6 Rb2+ 47. Kf3 Kg5 48. h3 Rb3+ 49. Kg2 f4 50. Rc6 Kh4 51. Rf6 Rg3+ 0-1

[Event "Belgrade-chT Quality"]
[Site "Belgrade"]
[Date "2011.11.02"]
[Round "9"]
[White "Stojkovic, Borivoje"]
[Black "Lukic, Branislav"]
[Result "1/2-1/2"]
[WhiteElo "2013"]
[BlackElo "2203"]
[PlyCount "166"]
[EventDate "2011.10.15"]
[EventType "team-swiss"]
[EventRounds "11"]
[EventCountry "SRB"]
[SourceTitle "EXT 2012"]
[Source "ChessBase"]
[SourceDate "2011.11.24"]
[SourceVersion "1"]
[SourceVersionDate "2011.11.24"]
[SourceQuality "1"]

1. e4 c6 2. d4 d5 3. exd5 cxd5 4. Bd3 Nc6 5. c3 Qc7 6. Ne2 Bg4 7. 0-0 e6 8. Qe1 Bd6 9. f3 Bh5 10. Qh4 Bg6 11. Bxg6 fxg6 12. Nf4 Bxf4 13. Bxf4 Qe7 14. Qh3 Nf6 15. Re1 Kf7 16. Na3 a6 17. Re2 Rhe8 18. Rae1 Nh5 19. Bc1 Qd6 20. Nc2 h6 21. g3 b5 22. b3 a5 23. a4 Rab8 24. Na3 bxa4 25. bxa4 Na7 26. Rb2 Rxb2 27. Bxb2 Qc6 28. Qf1 Rb8 29. Qe2 Nf6 30. c4 dxc4 31. Nxc4 Qd5 32. Ne5+ Kg8 33. Nxg6 Kh7 34. Nf4 Qa2 35. Qd3+ Kh8 36. Bc1 Nc6 37. Rxe6 Qxa4 38. d5 Qd4+ 39. Qxd4 Nxd4 40. Re3 Rb1 41. Rc3 Nb3 42. Nd3 Nxd5 43. Rc8+ Kh7 44. Kg2 a4 45. Ba3 Ra1 46. Bf8 Ra2+ 47. Kh3 Rd2 48. Ne5 Nd4 49. Ra8 Ne6 50. f4 Nxf8 51. Rxf8 Re2 52. Ra8 Re4 53. Kg4 Nc3 54. Kf5 Rb4 55. h4 h5 56. Kg5 Ne4+ 57. Kxh5 Nxg3+ 58. Kg5 Ne4+ 59. Kh5 Ng3+ 60. Kg4 Ne2 61. Rf8 a3 62. Ra8 Rxf4+ 63. Kg5 Re4 64. Ng6 Rg4+ 65. Kxg4 Kxg6 66. Rxa3 Nd4 67. Ra6+ Kh7 68. Rd6 Nb5 69. Rb6 Nc7 70. h5 Ne8 71. Kg5 Nf6 72. Re6 Ng8 73. Ra6 Nh6 74. Ra8 Ng8 75. Kf5 Nf6 76. Kg5 Ng8 77. Rb8 Nh6 78. Rb6 Ng8 79. Kf5 Nf6 80. Kg5 Ng8 81. Rb5 Nh6 82. Ra5 Ng8 83. Kf5 Nf6 1/2-1/2

[Event "Belgrade tt Cup"]
[Site "Belgrade"]
[Date "2011.04.17"]
[Round "5"]
[White "Karadarevic, Slobodan"]
[Black "Stojkovic, Borivoje"]
[Result "0-1"]
[WhiteElo "1862"]
[BlackElo "2005"]
[PlyCount "74"]
[EventDate "2011.04.13"]
[EventType "team-tourn"]
[EventRounds "5"]
[EventCountry "SRB"]
[SourceTitle "CBM 141 Extra"]
[Source "ChessBase"]
[SourceDate "2011.05.03"]
[SourceVersion "1"]
[SourceVersionDate "2011.05.03"]
[SourceQuality "1"]

1. e4 Nc6 2. d4 e5 3. Nf3 Nf6 4. dxe5 Nxe4 5. Bc4 Nc5 6. 0-0 Be7 7. Nc3 0-0 8. Nd5 Ne6 9. Re1 d6 10. Nxe7+ Nxe7 11. exd6 Qxd6 12. Qxd6 cxd6 13. Ng5 d5 14. Bd3 h6 15. Nh3 Nc6 16. Nf4 Nxf4 17. Bxf4 Nb4 18. Re7 Nxd3 19. cxd3 b6 20. Rc1 Be6 21. Rcc7 a6 22. f3 Rfc8 23. Rb7 b5 24. Be5 Rc6 25. f4 Rf8 26. h3 Bf5 27. g4 Bxd3 28. f5 Rc2 29. Bd6 Be4 30. Red7 Rg2+ 31. Kf1 Rc8 32. Bf4 Rcc2 33. Be3 Rxb2 34. Rbc7 Rh2 35. Rc8+ Kh7 36. Rcc7 Rh1+ 37. Bg1 Bg2+ 0-1